Real Madrid CF Squad 1956-1957 - Statistics

General Stats
  • This quiz has been taken 5 times
  • The average score is 8 of 28
Answer Stats
Position Nation Player % Correct
FW Argentina Alfredo Di Stéfano
100%
FW Spain Paco Gento
100%
DF Spain Marquitos
80%
FW Spain Héctor Rial
60%
MF France Raymond Kopa
60%
MF Spain José María Zárraga
40%
Coach Spain José Villalonga
40%
FW Spain Luis Molowny
40%
DF Spain Miguel Muñoz
40%
DF Spain Ángel Atienza
20%
FW Spain Enrique Mateos
20%
GK Spain Javier Berasaluce
20%
DF Spain Joaquín Navarro
20%
DF Spain Joaquín Oliva
20%
DF Spain José Becerril
20%
FW Spain Joseíto
20%
FW Spain José Luis Pérez-Payá
20%
GK Spain Juanito Alonso
20%
MF Spain Juan Santisteban
20%
DF Spain Rafael Lesmes
20%
MF Spain Ramón Marsal
20%
FW Argentina Roque Olsen
20%
MF Spain Wilson Jones
20%
MF Spain Antonio Ruiz
0%
DF Spain Cela
0%
MF Spain José Rubio
0%
GK Spain Juan Visa
0%
DF Spain Pedro Casado
0%
No matching quizzes found
Score Distribution
Percent of People with Each Score
Percentile by Number Answered
Your Score History
You have not taken this quiz